[Event "XLI Festival A"]
[Site "Imperia ITA"]
[Date "1999.08.??"]
[Round "?"]
[White "Musil, Vitezslav"]
[Black "Scarenzio, Renato"]
[WhiteElo "2221"]
[BlackElo "1908"]
[Result "1-0"]
[PlyCount "57"]
[EventDate "1999.08.29"]

1. e4 c6 2. d4 d5 3. exd5 cxd5 4. Bd3 Nc6 5. c3 Nf6 6. Nf3 Bg4 7. Nbd2 e6 8.
Nf1 Be7 9. Ng3 e5 10. dxe5 Nxe5 11. Bb5+ Kf8 12. Be2 Nc4 13. h3 Be6 14. O-O Qc7
15. Nd4 Re8 16. Re1 Bc5 17. b3 Ne5 18. Bb5 Bd7 19. Bxd7 Nexd7 20. Rxe8+ Nxe8
21. Qf3 Bxd4 22. cxd4 Qa5 23. b4 Qb5 24. a4 Qc4 25. b5 Kg8 26. Nf5 Nef6 27.
Ne7+ Kf8 28. Ba3 Ke8 29. Rc1 1-0

[Event "XLI Festival A"]
[Site "Imperia ITA"]
[Date "1999.08.??"]
[Round "?"]
[White "Payen, Arnaud"]
[Black "Dragojlovic, Andjelko"]
[WhiteElo "2373"]
[BlackElo "2350"]
[Result "0-1"]
[PlyCount "84"]
[EventDate "1999.08.29"]

1. d4 Nf6 2. Nf3 g6 3. Bf4 Bg7 4. e3 O-O 5. h3 b6 6. a4 a5 7. Na3 d6 8. Bh2
Nbd7 9. Be2 Bb7 10. O-O Ne4 11. Nd2 Nxd2 12. Qxd2 e5 13. dxe5 Nxe5 14. c3 Qg5
15. f3 Rfe8 16. Bf4 Qe7 17. e4 Rad8 18. c4 Nd7 19. Nb5 Nc5 20. Bd1 Ba6 21. Rc1
c6 22. Nd4 Bxd4+ 23. Qxd4 Ne6 24. Qd2 Nxf4 25. Qxf4 d5 26. b3 dxc4 27. bxc4 Rd4
28. Be2 Red8 29. Qe3 Qb4 30. Rb1 Qxa4 31. Rxb6 Bxc4 32. Bxc4 Qxc4 33. Qc1 Qe2
34. Qg5 a4 35. Rxc6 a3 36. Rcc1 a2 37. Rce1 Qa6 38. Qc1 Rd2 39. Kh1 Qd3 40. e5
Qc2 41. e6 fxe6 42. Qa1 Qb2 0-1

[Event "XLI Festival A"]
[Site "Imperia ITA"]
[Date "1999.08.??"]
[Round "?"]
[White "Payen, Arnaud"]
[Black "Gross, David"]
[WhiteElo "2373"]
[BlackElo "2465"]
[Result "1/2-1/2"]
[PlyCount "23"]
[EventDate "1999.08.29"]

1. d4 Nf6 2. Nf3 g6 3. Bf4 Bg7 4. h3 d6 5. e3 O-O 6. Be2 Nbd7 7. O-O c5 8. c3
b6 9. Nbd2 Bb7 10. Bh2 Qc7 11. a4 a6 12. Bd3 1/2-1/2

[Event "XLI Festival A"]
[Site "Imperia ITA"]
[Date "1999.08.??"]
[Round "?"]
[White "Ravagnani, Tiziano"]
[Black "Babula, Milan"]
[WhiteElo "2025"]
[BlackElo "2334"]
[Result "0-1"]
[PlyCount "128"]
[EventDate "1999.08.29"]

1. e4 Nc6 2. d4 d5 3. Nc3 dxe4 4. d5 Ne5 5. Qd4 Ng6 6. Nxe4 c6 7. Nf3 Qxd5 8.
Qxd5 cxd5 9. Bb5+ Bd7 10. Bxd7+ Kxd7 11. Nc5+ Kc6 12. Nd3 f6 13. Nd4+ Kd6 14.
b3 e5 15. Ba3+ Kd7 16. Bxf8 Nxf8 17. Nf5 Ne6 18. O-O-O Ne7 19. g4 Rhd8 20. Rhe1
a5 21. f4 e4 22. Nxe7 Kxe7 23. f5 Nc7 24. Nf4 Kf7 25. Rd4 g5 26. fxg6+ hxg6 27.
Red1 f5 28. c4 Ne6 29. Nxe6 Kxe6 30. gxf5+ gxf5 31. cxd5+ Kd6 32. R1d2 e3 33.
R2d3 Re8 34. Kd1 Rac8 35. Rc4 f4 36. Ke2 f3+ 37. Ke1 f2+ 38. Ke2 Rf8 39. Rd1
Rce8 40. h4 Re5 41. Rcd4 b5 42. Rc1 Rxd5 43. Rxd5+ Kxd5 44. h5 Kd4 45. h6 Rf6
46. Rh1 f1=Q+ 47. Rxf1 Rxh6 48. Rf4+ Kc3 49. Kxe3 Re6+ 50. Kf2 Kb2 51. Rf5 Rb6
52. a4 b4 53. Rxa5 Kxb3 54. Rb5 Rf6+ 55. Ke2 Kxa4 56. Rb8 Rd6 57. Ra8+ Kb3 58.
Rb8 Kc3 59. Rc8+ Kb2 60. Rc7 b3 61. Rc8 Ka2 62. Ra8+ Kb1 63. Rb8 b2 64. Rc8 Ra6
0-1

[Event "XLI Festival A"]
[Site "Imperia ITA"]
[Date "1999.08.??"]
[Round "?"]
[White "Riccio, Eros"]
[Black "Van Hoolandt, Patrick"]
[WhiteElo "2096"]
[BlackElo "2050"]
[Result "1-0"]
[PlyCount "117"]
[EventDate "1999.08.29"]

1. e4 e5 2. Nf3 Nc6 3. Bc4 Bc5 4. d3 Nf6 5. Nc3 h6 6. Be3 Bb6 7. Nd5 Nxd5 8.
exd5 Nd4 9. Bxd4 exd4 10. O-O O-O 11. d6 Qf6 12. dxc7 Bxc7 13. Qe2 b5 14. Qe4
Rb8 15. Bd5 Bb6 16. Rfe1 Ba6 17. Qe7 Qxe7 18. Rxe7 d6 19. Rae1 g6 20. R1e4 Rbc8
21. Bb3 d5 22. R4e5 b4 23. Rxd5 Bd8 24. Re1 Bb7 25. Rd7 Bxf3 26. gxf3 a5 27.
Rd6 Kg7 28. Rd5 Ra8 29. Ba4 Bf6 30. f4 Ra7 31. Kg2 Rc8 32. f5 g5 33. Kg3 Rcc7
34. f4 Re7 35. Rxe7 Rxe7 36. fxg5 hxg5 37. Rxa5 Re3+ 38. Kg4 Re2 39. h3 Rf2 40.
Kg3 Re2 41. Bb3 Be5+ 42. Kf3 Re3+ 43. Kf2 Kf6 44. Ra7 Kxf5 45. Rxf7+ Kg6 46.
Rb7 Rxh3 47. Bd5 g4 48. Rxb4 g3+ 49. Kf1 Rh2 50. Bg2 Rh8 51. a4 Rf8+ 52. Kg1
Rf2 53. Rc4 Rd2 54. Be4+ Kg7 55. a5 Bf4 56. a6 Be3+ 57. Kf1 Rd1+ 58. Kg2 Rg1+
59. Kh3 1-0

[Event "XLI Festival A"]
[Site "Imperia ITA"]
[Date "1999.08.??"]
[Round "?"]
[White "Scarenzio, Renato"]
[Black "Blasco, Domenico"]
[WhiteElo "1908"]
[BlackElo "2111"]
[Result "1-0"]
[PlyCount "37"]
[EventDate "1999.08.29"]

1. d4 Nf6 2. c4 c5 3. Nf3 cxd4 4. Nxd4 e5 5. Nb5 Bc5 6. Nd6+ Kf8 7. Be3 Bxe3 8.
fxe3 Nc6 9. Nc3 g6 10. Qd2 Kg7 11. O-O-O Ng4 12. Nce4 f5 13. h3 Qh4 14. hxg4
Qxh1 15. gxf5 gxf5 16. Nxf5+ Kf8 17. Qd6+ Ke8 18. Qf6 d5 19. Ng7+ 1-0

[Event "XLI Festival A"]
[Site "Imperia ITA"]
[Date "1999.08.??"]
[Round "?"]
[White "Scarenzio, Renato"]
[Black "Stodola, Jaroslav"]
[WhiteElo "1908"]
[BlackElo "2146"]
[Result "1/2-1/2"]
[PlyCount "109"]
[EventDate "1999.08.29"]

1. d4 Nf6 2. c4 c5 3. d5 e6 4. Nc3 exd5 5. cxd5 d6 6. e4 g6 7. f3 Bg7 8. Bg5 h6
9. Be3 O-O 10. Be2 Re8 11. Qd2 Kh7 12. g4 a6 13. h4 Ng8 14. h5 g5 15. Nh3 Nd7
16. Bxg5 Bxc3 17. bxc3 hxg5 18. Nxg5+ Kg7 19. h6+ Kg6 20. h7 Ngf6 21. Ne6 fxe6
22. dxe6 Nxg4 23. fxg4 Qg5 24. h8=N+ Rxh8 25. Qxg5+ Kxg5 26. Rxh8 Nb6 27. e7
Bd7 28. Rd8 Kf6 29. e8=Q Bxe8 30. Rxd6+ Ke5 31. Rxb6 Bc6 32. Rxc6 bxc6 33. Bf3
Kf4 34. Ke2 Rb8 35. Rd1 a5 36. Rd2 a4 37. a3 Rb3 38. Ra2 Rxc3 39. Bg2 c4 40.
Kd2 Rg3 41. Kc1 Ke5 42. Rf2 Rxg4 43. Rf5+ Kd4 44. Bf3 Rg3 45. Kd2 Rh3 46. e5
Rh2+ 47. Kc1 Kc3 48. Bxc6 Kb3 49. Rf3+ c3 50. Bxa4+ Kxa4 51. Rxc3 Re2 52. Rc5
Kxa3 53. Kd1 Kb4 54. Rb5+ Kxb5 55. Kxe2 1/2-1/2

[Event "XLI Festival A"]
[Site "Imperia ITA"]
[Date "1999.08.??"]
[Round "?"]
[White "Semeria, Marco"]
[Black "Mela, Riccardo"]
[WhiteElo "2110"]
[BlackElo "1990"]
[Result "1-0"]
[PlyCount "39"]
[EventDate "1999.08.29"]

1. e4 c5 2. Nf3 e6 3. d4 cxd4 4. Nxd4 a6 5. Be2 Nf6 6. Nc3 Bb4 7. Qd3 d5 8. e5
Ne4 9. O-O Nxc3 10. bxc3 Be7 11. Qg3 Kf8 12. f4 Nc6 13. Be3 Qc7 14. Rad1 Bd7
15. c4 dxc4 16. Nxc6 Bxc6 17. f5 exf5 18. Rxf5 Bd7 19. Rxf7+ Kxf7 20. e6+ 1-0

[Event "XLI Festival A"]
[Site "Imperia ITA"]
[Date "1999.08.??"]
[Round "?"]
[White "Semeria, Marco"]
[Black "Voltolini, Giuseppe"]
[WhiteElo "2110"]
[BlackElo "2260"]
[Result "0-1"]
[PlyCount "50"]
[EventDate "1999.08.29"]

1. e4 c5 2. Nf3 Nc6 3. d4 cxd4 4. Nxd4 Nf6 5. Nc3 d6 6. Bg5 e6 7. Qd2 Be7 8.
Bc4 a6 9. a3 O-O 10. Ba2 Qa5 11. Nf3 b5 12. O-O Bb7 13. Rfe1 Rfd8 14. Rad1 Rab8
15. Qd3 Ba8 16. Bd2 Qc7 17. b4 Rbc8 18. Bb3 Ne5 19. Nxe5 dxe5 20. Qe2 Rxd2 21.
Rxd2 Qxc3 22. f3 h6 23. Red1 g6 24. Qf2 Qc7 25. Qh4 Nxe4 0-1

[Event "XLI Festival A"]
[Site "Imperia ITA"]
[Date "1999.08.??"]
[Round "?"]
[White "Spinelli, Doriano"]
[Black "Di Paolo, Raffaele"]
[WhiteElo "2196"]
[BlackElo "2294"]
[Result "0-1"]
[PlyCount "78"]
[EventDate "1999.08.29"]

1. e4 Nc6 2. Nc3 Nf6 3. g3 d6 4. Bg2 g6 5. Nge2 Bg7 6. d4 O-O 7. h3 e5 8. Be3
Re8 9. O-O a6 10. a4 exd4 11. Nxd4 Ne5 12. b3 c5 13. Nde2 Qc7 14. f4 Nc6 15.
Qd2 Nb4 16. Bf2 Bd7 17. Rad1 Bc6 18. Nd5 Nbxd5 19. exd5 Bxd5 20. Bxd5 Nxd5 21.
Qxd5 Rxe2 22. Qxd6 Qxd6 23. Rxd6 Rxc2 24. Rd7 b5 25. Re1 bxa4 26. bxa4 Rb8 27.
Red1 Bf6 28. g4 Rbb2 29. g5 Bxg5 30. Be3 Bh4 31. f5 Bf2+ 32. Bxf2 Rxf2 33. fxg6
hxg6 34. R7d6 Rg2+ 35. Kh1 Rh2+ 36. Kg1 Rbg2+ 37. Kf1 Ra2 38. Kg1 Rxh3 39. Rxa6
Rha3 0-1

[Event "XLI Festival A"]
[Site "Imperia ITA"]
[Date "1999.08.??"]
[Round "?"]
[White "Spinelli, Doriano"]
[Black "Mozny, Milos"]
[WhiteElo "2196"]
[BlackElo "2366"]
[Result "0-1"]
[PlyCount "104"]
[EventDate "1999.08.29"]

1. e4 c5 2. Nf3 e6 3. d4 cxd4 4. Nxd4 Nf6 5. Nc3 d6 6. Be2 Be7 7. O-O Nc6 8.
Be3 Bd7 9. f4 O-O 10. Kh1 Nxd4 11. Bxd4 Bc6 12. Bf3 Nd7 13. a4 e5 14. Be3 exf4
15. Bxf4 Ne5 16. Ne2 Nxf3 17. gxf3 f5 18. Nd4 fxe4 19. Nxc6 bxc6 20. fxe4 Qd7
21. Qh5 Qe6 22. Qe2 Rae8 23. Qg2 Bf6 24. c3 Be5 25. Be3 a6 26. Rxf8+ Rxf8 27.
Rd1 Re8 28. Rf1 Bf6 29. Bf4 Qxe4 30. Bxd6 Qxa4 31. b4 Qb5 32. Qa2+ Kh8 33. c4
Qb7 34. Bc5 Qc8 35. Qg2 Qe6 36. Qa2 Qe4+ 37. Kg1 Qg4+ 38. Qg2 Qxc4 39. Rd1 h6
40. Qg6 Re5 41. Kh1 Qe2 42. Qd3 Qh5 43. Rf1 Re2 44. Bg1 Qg4 45. Qf3 Qe6 46. Rd1
Re4 47. Bc5 Re1+ 48. Rxe1 Qxe1+ 49. Kg2 Qe6 50. Qf1 Qe4+ 51. Kh3 Kg8 52. Qxa6
Qf3# 0-1

[Event "XLI Festival A"]
[Site "Imperia ITA"]
[Date "1999.08.??"]
[Round "?"]
[White "Stodola, Jaroslav"]
[Black "Caposciutti, Maurizio"]
[WhiteElo "2146"]
[BlackElo "2305"]
[Result "1-0"]
[PlyCount "47"]
[EventDate "1999.08.29"]

1. e4 c5 2. Nf3 Nc6 3. d4 cxd4 4. Nxd4 Nf6 5. Nc3 d6 6. Bg5 Bd7 7. Qd2 Rc8 8.
O-O-O Nxd4 9. Qxd4 Qa5 10. Bxf6 gxf6 11. f4 Qc5 12. Qd2 Bg7 13. Be2 h5 14. Kb1
b5 15. Rhe1 b4 16. Nd5 a5 17. Ba6 Ra8 18. e5 Rxa6 19. exf6 Bf8 20. fxe7 Bg7 21.
f5 Bxf5 22. Ka1 Bg6 23. Qg5 Qf2 24. Nf6+ 1-0

[Event "XLI Festival A"]
[Site "Imperia ITA"]
[Date "1999.08.??"]
[Round "?"]
[White "Stoppa, Omar"]
[Black "Cugini, Verter"]
[WhiteElo "1918"]
[BlackElo "2178"]
[Result "1/2-1/2"]
[PlyCount "53"]
[EventDate "1999.08.29"]

1. e4 e6 2. d4 d5 3. Nc3 Nf6 4. Bg5 Bb4 5. Nge2 dxe4 6. a3 Be7 7. Bxf6 gxf6 8.
Nxe4 f5 9. Nd2 b6 10. Nf3 Bb7 11. Nf4 Bd6 12. Qd2 Bxf3 13. gxf3 Bxf4 14. Qxf4
Qd6 15. Bb5+ Nd7 16. Qxd6 cxd6 17. Rg1 Ke7 18. Bxd7 Kxd7 19. Kd2 Rag8 20. f4
Rg6 21. Rg3 Rh6 22. h3 Rg6 23. Rag1 Ke7 24. a4 Rhg8 25. Ke2 d5 26. c3 Kd6 27.
Kf3 1/2-1/2

[Event "XLI Festival A"]
[Site "Imperia ITA"]
[Date "1999.08.??"]
[Round "?"]
[White "Stoppa, Omar"]
[Black "Mambrini, Augusto"]
[WhiteElo "1918"]
[BlackElo "2192"]
[Result "1-0"]
[PlyCount "69"]
[EventDate "1999.08.29"]

1. e4 e6 2. d4 d5 3. Nc3 Nf6 4. Bg5 Be7 5. e5 Nfd7 6. h4 O-O 7. Nf3 c5 8. Bxe7
Qxe7 9. Nb5 Nc6 10. Bd3 f5 11. c3 Nb6 12. Nd6 cxd4 13. cxd4 Bd7 14. Qd2 Nc8 15.
Nxb7 Rb8 16. Na5 Nxa5 17. Qxa5 Rxb2 18. Rc1 Nb6 19. O-O Ba4 20. Rc5 Rxa2 21.
Rfc1 Bb3 22. Qb5 Bc4 23. Bxc4 Nxc4 24. Qc6 Rb2 25. Rxd5 exd5 26. Qxd5+ Kh8 27.
Qxc4 h6 28. d5 Qa3 29. e6 Rfb8 30. Ne5 Rb1 31. Nf7+ Kg8 32. Rxb1 Rxb1+ 33. Kh2
Qb2 34. h5 Qxf2 35. Qc8+ 1-0

[Event "XLI Festival A"]
[Site "Imperia ITA"]
[Date "1999.08.??"]
[Round "?"]
[White "Sulava, Nenad"]
[Black "Barlocco, Carlo"]
[WhiteElo "2467"]
[BlackElo "2161"]
[Result "1-0"]
[PlyCount "61"]
[EventDate "1999.08.29"]

1. Nf3 d5 2. d4 Nf6 3. c4 c6 4. cxd5 cxd5 5. Nc3 Nc6 6. Bf4 e6 7. e3 Be7 8. Bd3
O-O 9. Rc1 Bd7 10. h3 Nh5 11. Bh2 f5 12. g4 Nf6 13. Ne5 g6 14. gxf5 gxf5 15.
Ne2 Ne4 16. Bxe4 fxe4 17. Rg1+ Kh8 18. Ng4 Rg8 19. Rxc6 Rxg4 20. Rxg4 bxc6 21.
Nf4 Qa5+ 22. Kf1 Rg8 23. Nh5 Rg6 24. Be5+ Kg8 25. Rxg6+ hxg6 26. Qg4 Kf7 27.
Nf4 Ke8 28. Qxg6+ Kd8 29. Qg8+ Be8 30. Nxe6+ Kd7 31. Ng7 1-0

[Event "XLI Festival A"]
[Site "Imperia ITA"]
[Date "1999.08.??"]
[Round "?"]
[White "Sulava, Nenad"]
[Black "Krouzel, Jaroslav"]
[WhiteElo "2467"]
[BlackElo "2293"]
[Result "1-0"]
[PlyCount "49"]
[EventDate "1999.08.29"]

1. d4 f5 2. g3 Nf6 3. Bg2 g6 4. Nd2 Bg7 5. b4 d6 6. Bb2 c6 7. Ngf3 O-O 8. O-O
Qe8 9. c4 e5 10. dxe5 Ng4 11. c5 d5 12. Qb3 Nxe5 13. Nxe5 Bxe5 14. Bxd5+ Kg7
15. Nc4 Bf6 16. Nd6 Qe7 17. Bxf6+ Qxf6 18. Bg2 Na6 19. Rad1 Rb8 20. Nxc8 Rbxc8
21. Rd6 Qf7 22. Qb2+ Kg8 23. Rfd1 Rc7 24. e3 Qg7 25. Qa3 1-0

[Event "XLI Festival A"]
[Site "Imperia ITA"]
[Date "1999.08.??"]
[Round "?"]
[White "Sulava, Nenad"]
[Black "Mozny, Milos"]
[WhiteElo "2467"]
[BlackElo "2366"]
[Result "1-0"]
[PlyCount "43"]
[EventDate "1999.08.29"]

1. d4 d5 2. Nf3 Nf6 3. c4 e6 4. g3 c5 5. Bg2 Nc6 6. O-O Be7 7. dxc5 Bxc5 8. a3
O-O 9. b4 Be7 10. Nbd2 Bd7 11. Bb2 Rc8 12. Rc1 a6 13. Qb3 dxc4 14. Nxc4 b5 15.
Nce5 Qb6 16. Rfd1 Rfd8 17. Nxf7 Kxf7 18. Ng5+ Ke8 19. Nxe6 Bxe6 20. Qxe6 Rxd1+
21. Rxd1 Qc7 22. Rc1 1-0

[Event "XLI Festival A"]
[Site "Imperia ITA"]
[Date "1999.08.??"]
[Round "?"]
[White "Sulava, Nenad"]
[Black "Spinelli, Doriano"]
[WhiteElo "2467"]
[BlackElo "2196"]
[Result "1-0"]
[PlyCount "149"]
[EventDate "1999.08.29"]

1. c4 e6 2. Nf3 d5 3. d4 Nf6 4. Bg5 Be7 5. Nc3 h6 6. Bh4 O-O 7. e3 b6 8. Qc2
Bb7 9. Bxf6 Bxf6 10. cxd5 exd5 11. O-O-O c5 12. dxc5 Nd7 13. c6 Bxc6 14. Nd4
Bxd4 15. Rxd4 Nc5 16. Kb1 Rc8 17. Be2 Ne6 18. Rd2 Qf6 19. Rhd1 Rfd8 20. Bg4 Bb7
21. Qf5 Qxf5+ 22. Bxf5 Rc5 23. Bg4 d4 24. exd4 Rc4 25. Bxe6 fxe6 26. f3 Rd7 27.
Kc2 Rc8 28. Kb3 Rcd8 29. a4 Kf7 30. Kc2 Bc6 31. b3 Bb7 32. Kb2 Bc6 33. Ne4 Ke7
34. Nf2 e5 35. Rc2 Bb7 36. Re1 Rxd4 37. Rxe5+ Kf8 38. Ng4 Rd2 39. Re2 Rxe2 40.
Rxe2 Rc8 41. Ne5 Rc7 42. b4 g5 43. b5 Kg7 44. Re3 Bd5 45. Rd3 Be6 46. Rd8 Kf6
47. Nc6 Bd7 48. Nb4 Be6 49. Nd5+ Bxd5 50. Rxd5 Ke6 51. Rd8 Kf6 52. Rd6+ Kg7 53.
Kb3 Rf7 54. Kc4 Rc7+ 55. Kd3 Rf7 56. Ke3 Rc7 57. Kf2 Re7 58. Kg3 Rc7 59. Re6
Rf7 60. h3 Kh7 61. Re4 Kg6 62. h4 Rc7 63. Re6+ Kg7 64. hxg5 hxg5 65. Kg4 Rc5
66. g3 Rd5 67. Re7+ Kg6 68. Rxa7 Rd4+ 69. f4 gxf4 70. gxf4 Rc4 71. Ra6 Kf7 72.
Kg5 Rd4 73. f5 Kg7 74. a5 bxa5 75. Ra7+ 1-0

[Event "XLI Festival A"]
[Site "Imperia ITA"]
[Date "1999.08.??"]
[Round "?"]
[White "Svacina, Petr"]
[Black "Biti, Ozren"]
[WhiteElo "1938"]
[BlackElo "2261"]
[Result "0-1"]
[PlyCount "75"]
[EventDate "1999.08.29"]

1. e4 d6 2. d4 Nf6 3. Bd3 e5 4. c3 d5 5. dxe5 Nxe4 6. Bxe4 dxe4 7. Qxd8+ Kxd8
8. Bg5+ Be7 9. Bxe7+ Kxe7 10. Nd2 Nd7 11. e6 Nc5 12. exf7 b6 13. b3 Kxf7 14.
Ne2 Ba6 15. c4 Rad8 16. Nc1 Rhe8 17. b4 Na4 18. b5 Bb7 19. Ncb3 e3 20. fxe3
Bxg2 21. Rg1 Bb7 22. Kf2 Rd6 23. Rg4 Nb2 24. Rag1 g6 25. Rf1 Rf6+ 26. Ke2 Rxf1
27. Nxf1 Re4 28. Rg2 Nxc4 29. Rf2+ Ke7 30. Kd3 Ne5+ 31. Kc2 Ra4 32. Kc3 Rc4+
33. Kd2 Nf3+ 34. Kd1 Rb4 35. Rc2 Kd7 36. Nbd2 Rxb5 37. Nxf3 Bxf3+ 38. Ke1 0-1

[Event "XLI Festival A"]
[Site "Imperia ITA"]
[Date "1999.08.??"]
[Round "?"]
[White "Travaglini, Alberto"]
[Black "Faraci, Antonino"]
[WhiteElo "2183"]
[BlackElo "2104"]
[Result "1-0"]
[PlyCount "61"]
[EventDate "1999.08.29"]

1. d4 Nf6 2. Nf3 g6 3. Bf4 Bg7 4. e3 d6 5. h3 Nbd7 6. Be2 O-O 7. O-O c5 8. c3
Re8 9. Bh2 b6 10. a4 Bb7 11. Nbd2 a6 12. Qb3 h6 13. Rfd1 Qc8 14. Nc4 Rb8 15.
Bxd6 exd6 16. Nxd6 Qc6 17. Qxf7+ Kh7 18. Nxe8 Rxe8 19. d5 Qd6 20. Nh4 g5 21.
Bd3+ Kh8 22. Ng6+ Kh7 23. Ne5+ Kh8 24. Qxe8+ Nxe8 25. Nf7+ Kg8 26. Nxd6 Nxd6
27. Bf1 Kf7 28. g3 Ke7 29. Rab1 Nf7 30. f4 Nd6 31. Bg2 1-0

[Event "XLI Festival A"]
[Site "Imperia ITA"]
[Date "1999.08.??"]
[Round "?"]
[White "Voltolini, Giuseppe"]
[Black "Jirovsky, Milos"]
[WhiteElo "2260"]
[BlackElo "2458"]
[Result "0-1"]
[PlyCount "36"]
[EventDate "1999.08.29"]

1. d4 d5 2. c4 e6 3. Nc3 c5 4. cxd5 cxd4 5. Qa4+ Bd7 6. Qxd4 exd5 7. Nxd5 Nc6
8. Qd1 Nf6 9. Nc3 Bc5 10. Nf3 Qe7 11. g3 Rd8 12. Bd2 Nb4 13. e3 Bc6 14. a3 Bxf3
15. Bb5+ Kf8 16. Qxf3 Nc2+ 17. Kd1 Nxa1 18. Bc4 b5 0-1

[Event "XLI Festival A"]
[Site "Imperia ITA"]
[Date "1999.08.??"]
[Round "?"]
[White "Vrana, Frantisek"]
[Black "Faraci, Antonino"]
[WhiteElo "2293"]
[BlackElo "2104"]
[Result "0-1"]
[PlyCount "58"]
[EventDate "1999.08.29"]

1. e4 c5 2. Nf3 d6 3. g3 Nf6 4. Nc3 Bg4 5. Bg2 Nc6 6. h3 Bd7 7. O-O e5 8. d3
Be7 9. Nh4 Qc8 10. Kh2 h6 11. f4 exf4 12. gxf4 g5 13. fxg5 hxg5 14. Nf5 Bxf5
15. Rxf5 Nd4 16. Rxg5 Qd7 17. Nd5 Nxd5 18. Rxd5 O-O-O 19. c3 Rdg8 20. Qf1 Nc2
21. Rb1 Ne1 22. Bh1 Bh4 23. Bf4 Bf2 24. Rf5 Bg1+ 25. Qxg1 Rxg1 26. Kxg1 Nxd3
27. Bh2 Qa4 28. Bf3 Rxh3 29. Rxf7 Rxh2 0-1

[Event "XLI Festival A"]
[Site "Imperia ITA"]
[Date "1999.08.??"]
[Round "?"]
[White "Vrana, Frantisek"]
[Black "Gross, David"]
[WhiteElo "2293"]
[BlackElo "2465"]
[Result "0-1"]
[PlyCount "78"]
[EventDate "1999.08.29"]

1. e4 c5 2. Nf3 e6 3. d3 Nc6 4. g3 d5 5. Nbd2 Nf6 6. Bg2 Be7 7. O-O Qc7 8. Re1
b6 9. Qe2 Bb7 10. e5 Nd7 11. h4 h6 12. Nf1 O-O-O 13. N1h2 Rdg8 14. c3 g5 15.
hxg5 hxg5 16. Ng4 Kb8 17. a3 Rg6 18. b4 Qc8 19. d4 c4 20. Ra2 Qg8 21. Qd1 Qh7
22. b5 Na5 23. a4 Bc8 24. Ba3 Bxa3 25. Rxa3 Qh5 26. Nfh2 Nb3 27. Kf1 Rg7 28.
Ra2 Rf8 29. Bf3 f5 30. exf6 Nxf6 31. Nxf6 Qxh2 32. Ng4 Qh3+ 33. Kg1 e5 34. Nxe5
Rh7 35. Nc6+ Ka8 36. Re7 Qh2+ 37. Kf1 Bh3+ 38. Ke2 Rxe7+ 39. Nxe7 Bg4 0-1

[Event "XLI Festival A"]
[Site "Imperia ITA"]
[Date "1999.08.??"]
[Round "?"]
[White "Vujovic, Milorad"]
[Black "Ravagnani, Tiziano"]
[WhiteElo "2258"]
[BlackElo "2025"]
[Result "0-1"]
[PlyCount "55"]
[EventDate "1999.08.29"]

1. e4 c5 2. Nf3 Nc6 3. Bb5 g6 4. O-O Bg7 5. Re1 Nf6 6. c3 O-O 7. d4 cxd4 8.
cxd4 d5 9. e5 Ne4 10. Bd3 Bg4 11. h3 Bxf3 12. gxf3 Nxf2 13. Kxf2 Qb6 14. Nc3
Qxd4+ 15. Be3 Qh4+ 16. Ke2 Bxe5 17. Bf2 Nd4+ 18. Bxd4 Bxd4 19. Kd2 Rac8 20. Qb3
Bf2 21. Red1 Qf4+ 22. Ke2 Qe3+ 23. Kf1 Bg3 24. Rd2 Qxd2 25. Ne2 Bh4 26. Kg2 Rc5
27. f4 Rfc8 28. Kf3 0-1

[Event "XLI Festival A"]
[Site "Imperia ITA"]
[Date "1999.08.??"]
[Round "?"]
[White "Zlochevskij, Alexander"]
[Black "Dragojlovic, Andjelko"]
[WhiteElo "2454"]
[BlackElo "2350"]
[Result "1/2-1/2"]
[PlyCount "35"]
[EventDate "1999.08.29"]

1. Nf3 g6 2. c4 Bg7 3. Nc3 c5 4. d4 cxd4 5. Nxd4 Nc6 6. Nc2 d6 7. Bd2 Nf6 8. e4
O-O 9. Be2 Nd7 10. O-O a5 11. Qc1 Nd4 12. Nxd4 Bxd4 13. Bh6 Bg7 14. b3 Nc5 15.
Bxg7 Kxg7 16. Qb2 f6 17. Rad1 Be6 18. Kh1 1/2-1/2

[Event "XLI Festival A"]
[Site "Imperia ITA"]
[Date "1999.08.??"]
[Round "?"]
[White "Zlochevskij, Alexander"]
[Black "Jirovsky, Milos"]
[WhiteElo "2454"]
[BlackElo "2458"]
[Result "1/2-1/2"]
[PlyCount "25"]
[EventDate "1999.08.29"]

1. e4 c5 2. c3 d5 3. exd5 Qxd5 4. d4 Nc6 5. dxc5 Qxc5 6. Be3 Qa5 7. Nf3 Nf6 8.
Be2 g6 9. Na3 Bg7 10. Nc4 Qc7 11. Nd4 O-O 12. Nb5 Qb8 13. O-O 1/2-1/2

[Event "XLI Festival A"]
[Site "Imperia ITA"]
[Date "1999.08.??"]
[Round "2"]
[White "Gross, David"]
[Black "Di Paolo, Raffaele"]
[WhiteElo "2465"]
[BlackElo "2294"]
[Result "1-0"]
[PlyCount "39"]
[EventDate "1999.08.29"]

1. e4 c5 2. Nf3 d6 3. d4 cxd4 4. Nxd4 Nf6 5. Nc3 g6 6. Be3 Bg7 7. f3 O-O 8. Qd2
Nc6 9. O-O-O Nxd4 10. Bxd4 Be6 11. Kb1 Qc7 12. Nd5 Bxd5 13. exd5 Rfc8 14. Rc1
Nd7 15. Bxg7 Kxg7 16. h4 Nf6 17. h5 Nxh5 18. g4 Nf6 19. Qh6+ Kh8 20. Bd3 1-0

[Event "XLI Festival A"]
[Site "Imperia ITA"]
[Date "1999.08.??"]
[Round "4"]
[White "Gross, David"]
[Black "Jirovsky, Milos"]
[WhiteElo "2465"]
[BlackElo "2458"]
[Result "1/2-1/2"]
[PlyCount "32"]
[EventDate "1999.08.29"]

1. e4 d5 2. exd5 Qxd5 3. Nc3 Qd6 4. d4 Nf6 5. Nf3 a6 6. Bc4 b5 7. Bb3 Bb7 8.
Ne5 e6 9. Bf4 c5 10. dxc5 Qxd1+ 11. Rxd1 Bxc5 12. O-O Nc6 13. Nxc6 Bxc6 14. Bd6
Bxd6 15. Rxd6 Rc8 16. Rfd1 Ke7 1/2-1/2

[Event "XLI Festival A"]
[Site "Imperia ITA"]
[Date "1999.08.??"]
[Round "6"]
[White "Barlocco, Carlo"]
[Black "Stoppa, Omar"]
[WhiteElo "2161"]
[BlackElo "1918"]
[Result "1-0"]
[PlyCount "75"]
[EventDate "1999.08.29"]

1. d4 Nf6 2. Nf3 g6 3. c4 c5 4. Nc3 cxd4 5. Nxd4 Bg7 6. e4 O-O 7. Be2 Nc6 8.
Be3 d6 9. O-O Bd7 10. Rc1 Rc8 11. b3 a6 12. Kh1 h5 13. f4 Ng4 14. Bxg4 Bxg4 15.
Qd2 Bd7 16. f5 e6 17. fxg6 fxg6 18. Nf3 Qe7 19. Rfd1 Ne5 20. Qxd6 Qxd6 21. Rxd6
Nxf3 22. Rxd7 Ne5 23. Rxg7+ Kxg7 24. Bd4 Kf6 25. Kg1 Ke7 26. Bxe5 Rcd8 27. c5
Kd7 28. Rd1+ Kc6 29. Bd6 Rf7 30. Ne2 e5 31. Nc1 Rf4 32. Re1 Rxd6 33. cxd6 Kxd6
34. Nd3 Rf7 35. Rf1 Rd7 36. Kf2 Ke7 37. Ke3 Rc7 38. Rc1 1-0

[Event "XLI Festival A"]
[Site "Imperia ITA"]
[Date "1999.08.??"]
[Round "8"]
[White "Groh, Jiri"]
[Black "Stoppa, Omar"]
[WhiteElo "2138"]
[BlackElo "1918"]
[Result "0-1"]
[PlyCount "80"]
[EventDate "1999.08.29"]

1. c4 c5 2. Nf3 Nc6 3. g3 g6 4. Bg2 Bg7 5. O-O Nh6 6. e3 d6 7. d4 cxd4 8. Nxd4
Nxd4 9. exd4 Nf5 10. d5 h5 11. Nc3 h4 12. g4 h3 13. Be4 Nh4 14. Be3 f5 15. Bd4
Bxd4 16. Qxd4 Rg8 17. Bh1 fxg4 18. Rfe1 Nf5 19. Qxg4 Qb6 20. b3 Bd7 21. Qxh3
O-O-O 22. Ne4 g5 23. c5 dxc5 24. Nxc5 g4 25. Qc3 Kb8 26. Nxd7+ Rxd7 27. Qe5+
Nd6 28. Rac1 Rdd8 29. Rc3 Rdf8 30. Rce3 Rf5 31. Qxe7 Rgf8 32. Qh4 Rxf2 33. Bg2
a6 34. Qxg4 Rxa2 35. Bf3 Nf5 36. Qf4+ Ka7 37. Kh1 Nxe3 38. Qxf8 Qd4 39. Qe7
Nxd5 40. Rd1 Qf2 0-1

[Event "XIX Festival Conca della Presolana Magistrale"]
[Site "Bratto - Castione della Presolana ITA"]
[Date "1999.08.22"]
[Round "1"]
[White "Alberton, Roberto"]
[Black "Godena, Michele"]
[Result "0-1"]
[WhiteElo "2138"]
[BlackElo "2490"]
[PlyCount "34"]
[EventDate "1999.08.22"]

1.d4 d5 2.Nf3 c6 3.c3 Bf5 4.Bf4 Nd7 5.Qb3 Qc8 6.e3 Ngf6 7.c4 e6 8.h3 Be7 
9.Nc3 O-O 10.Be2 Bd8 11.O-O Bc7 12.Bxc7 Qxc7 13.cxd5 exd5 14.Rac1 Rac8 15.
Qb4 Rfe8 16.Nb5 Qb6 17.Rc5 a6 0-1